[Event "POL-chT 66th"]
[Site "Katowice"]
[Date "2010.09.11"]
[Round "8"]
[White "Bobras, Piotr"]
[Black "Cyborowski, Lukasz"]
[Result "1/2-1/2"]
[WhiteElo "2535"]
[BlackElo "2531"]
[Annotator "RR"]
[PlyCount "97"]
[EventDate "2010.09.04"]
[EventType "team-tourn"]
[EventRounds "9"]
[EventCountry "POL"]
[SourceTitle "EXT 2016"]
[Source "ChessBase"]
[SourceDate "2015.10.08"]
[SourceVersion "1"]
[SourceVersionDate "2015.10.08"]
[SourceQuality "1"]
[WhiteTeam "Katowice Szopienice"]
[BlackTeam "Dankowice"]
[WhiteTeamCountry "POL"]
[BlackTeamCountry "POL"]

1. e4 c5 2. Nf3 Nc6 3. d4 cxd4 4. Nxd4 g6 5. c4 Nf6 6. Nc3 Nxd4 7. Qxd4 d6 8.
Bg5 (8. Be3 {L'alternative}) 8... Bg7 9. Be2 O-O 10. Qd2 Be6 11. Rc1 Qa5 12. b3
a6 13. f3 Rfc8 14. Na4 Qxd2+ 15. Kxd2 Rc6 (15... Nd7 16. Be3 f5 17. exf5 gxf5
18. f4 Rab8 19. Bf3 Rd8 20. Nb6 Nf6 21. Ke2 Bf7 22. Rhd1 Ne4 23. Bd4 e5 24. Bb2
exf4 25. Bxg7 Kxg7 26. Rd4 Re8 27. Kf1 Re7 28. Nd5 Bxd5 29. Rxd5 Rf8 30. Rd4
Rf6 31. Rcd1 Rh6 32. h3 Ree6 33. Bxe4 fxe4 34. Re1 f3 35. Rexe4 fxg2+ 36. Kxg2
Rhg6+ 37. Kf3 Rxe4 38. Kxe4 Kf7 39. Kd5 Ke8 40. Rh4 h6 41. Rg4 Rf6 42. Rg7 b5
43. Ra7 bxc4 44. Kxc4 Rf3 45. h4 {Popov,I (2632)-Guseinov,G (2631)
Khanty-Mansiysk 2013 1/2-1/2 (92)}) 16. Nc3 (16. Be3) (16. g4 Kf8 17. Be3)
16... Kf8 17. Nd5 (17. g4 $5) 17... Bxd5 18. cxd5 Rcc8 (18... Rxc1 $6 19. Rxc1
$16 {[%csl Ra8,Gc1][%cal Gc1c7]}) 19. Rxc8+ (19. Be3 Nd7 20. b4 $14 {[%csl Gc5]
} Bb2 21. Rc2 Rxc2+ 22. Kxc2 Be5 (22... Bg7) 23. f4 Rc8+ 24. Kd3 $14 {Braga,F 
(2434)-Ghaem Maghami,E (2511) Bled ol (Men) 2002 (5.1) 1-0}) (19. g4 Nd7 20. h4
{Arnason,J (2470)-Muco,F (2440) Luzern ol (Men) 1982 (2) 1/2}) 19... Rxc8 20.
Rc1 Rxc1 21. Kxc1 Nd7 22. Be3 Ke8 $1 {[%cal Ge8d8] Malgré la paire de B,
l'avantage Blanc est assez minime} 23. Kc2 Kd8 24. b4 Ba1 $146 (24... h6 25. g3
g5 26. a4 Nf6 27. Bd4 Kc7 28. f4 gxf4 29. gxf4 Nh5 30. Be3 Nf6 31. Bf3 Nd7 32.
a5 f5 33. exf5 Ba1 34. Bh5 b5 35. Bf7 Bf6 36. Be6 Kd8 37. Bf7 Kc7 38. Kd2 Kd8
39. Kd3 Kc7 40. Bf2 Kd8 41. Be1 Bb2 42. Be6 Kc7 43. Bd2 Nf6 44. Be3 Kb7 45. Bb6
Nh5 46. Bf7 Nxf4+ 47. Kc2 {1/2-1/2 (47) Vallejo Pons,F (2662)-Malakhov,V (2696)
Selfoss 2003}) 25. g4 e5 26. g5 {[%csl Rf7,Rh7]} Kc7 27. a4 (27. Kb3) 27... Kd8
28. a5 Kc7 29. Kb3 Kc8 30. Bc4 (30. Ka4) 30... Kd8 31. Bf1 $1 {[%cal Gf1h3,
Gh3d7]} Kc8 32. Bh3 Kd8 33. Ba7 Kc7 34. Bf2 (34. Kc4 b5+ $1) 34... Kd8 35. Bf1
Kc7 36. Bd3 Kc8 37. Be3 Kd8 38. Kc4 (38. h4 Kc8 39. Bf1 Kd8 40. Bh3 Kc7 41. Bg4
Kd8 42. h5) 38... Bb2 39. Bc2 Kc7 40. Kb3 Ba1 41. Bd3 Kc8 42. Bf1 Kc7 43. Kc4
Bb2 44. Bh3 Kd8 45. b5 axb5+ 46. Kxb5 Kc7 47. Bxd7 Kxd7 48. Kb6 Bc3 49. Kxb7
1/2-1/2

[Event "Pamplona 15th"]
[Site "Pamplona"]
[Date "2005.12.23"]
[Round "1"]
[White "Izoria, Zviad"]
[Black "Tiviakov, Sergei"]
[Result "1/2-1/2"]
[WhiteElo "2646"]
[BlackElo "2700"]
[Annotator "Roiz,M"]
[PlyCount "54"]
[EventDate "2005.12.23"]
[EventType "tourn"]
[EventRounds "7"]
[EventCountry "ESP"]
[EventCategory "16"]
[SourceTitle "CBM 111"]
[Source "ChessBase"]
[SourceDate "2006.04.04"]
[SourceVersion "1"]
[SourceVersionDate "2006.04.04"]
[SourceQuality "1"]

1. e4 c5 2. Nf3 Nc6 3. d4 cxd4 4. Nxd4 g6 5. c4 Nf6 6. Nc3 d6 {A tricky order
of move. Now 7.Be3?! is not good in view of 7...Ng4, so white cannot avoid the
following line.} 7. Be2 Nxd4 ({Another common theme here is:} 7... Bg7 8. Be3
O-O 9. O-O Bd7) 8. Qxd4 Bg7 {Here white has a large choice of theoretical
continuations.} 9. O-O {This move is less popular on the top level these days.}
({The most common lines are:} 9. Bg5 O-O 10. Qd2) ({and} 9. Be3 O-O 10. Qd2)
9... O-O 10. Qe3 Be6 11. Bd2 {Restricting the mobility of Qd8, which is
usually placed at a5 in the Maroczy.} Qb6 {Black is ready to double his
queen-side pawns.} (11... Nd7 12. Rac1 Qb6 13. b3 {usually leads to the same
position.}) 12. b3 ({As the practise shows, black's problems are not that
serious after} 12. Qxb6 axb6 {-See comments to 1/2-1/2 Morozevich,A-Topalov,V/
Wijk aan Zee 2001/CBM 081/[Tsesarsky] (26)}) 12... Qxe3 13. Bxe3 Nd7 {
Delivering the knight to c5 - this is the standard manoevre in this system.
Usually white cannot achieve much without pushing it away by a2-a3 and b3-b4,
but it's not so easy to make this advance possible!} (13... Rfc8 14. Rac1 Kf8
15. f4 Bd7 16. Bf3 Bc6 17. e5 Ne8 18. Bxc6 Rxc6 19. exd6 Nxd6 20. Rfd1 a6 21.
Nd5 $14 {1-0 Gelfand,B-Topalov,V/Monaco 2002/CBM 087 ext (52)}) 14. Rac1 Nc5
15. f3 {In my opinion, this natural prophylactic move is too slow!} ({A very
importand game for understanding this type of position was played by Boris
Gelfand:} 15. Nd5 $1 Bxd5 (15... Nxe4 16. Nxe7+ Kh8 17. Bf3 $16) 16. exd5 a5
17. Rc2 $1 f5 18. g3 Be5 19. f4 Bf6 $6 20. Rb1 Rfc8 $6 21. g4 $1 $16 {1-0
Gelfand,B-Malisauskas,V/Moscow 1989/TD (45)}) 15... Rfc8 16. Rfd1 $146 {
This move looks logically, but actually it is a loss of time!} ({I would prefer
} 16. Nd5 Bxd5 (16... Kf8 $6 17. Rfd1 Rc6 18. Bg5 Re8 19. b4 Nd7 20. c5 dxc5
21. Bb5 $16 {1-0 Vaganian,R-Nikolic,N/Haarlem 1993/EXT 98 (36)}) 17. exd5 {
with a small but permanent advantage, like in Gelfand-Maliskauskas.} ({after} 
17. cxd5 $6 {black may equalize by:} Bb2 $1 (17... a5 18. Rc2 $14 {[%cal Gf1c1]
}) 18. Rc2 Ba3 $11 {[%csl Rc1][%cal Ya3c1,Ga7a5,Ga5a4] taking control of the
'c1' square and intending to push the Pa7.})) 16... a5 17. Nd5 ({White could
wait with forcing matters, but after} 17. Kf1 Kf8 {it's not easy to make
progress, while Nc3-d5 may be also met by Rc8-c6, since the Pe7 is protected.})
17... Bxd5 18. cxd5 ({After} 18. exd5 Bb2 19. Rb1 Ba3 $11 {[%cal Gc5a6,Ga3c5]
black takes a full control of dark squares.}) 18... Bb2 $1 19. Rc2 Ba3 20. Bb5
{There was no need to prevent 20...a5-a4.} ({Deserved attention} 20. Kf1 $5 {
intending to meet} a4 (20... Na6 $1 {looks like the best answer. In this case
the advantage of Kg1-f1 becomes clear.}) {with} 21. Rb1 axb3 22. axb3 Na6 23.
Rxc8+ Rxc8 24. Ra1 $14) 20... Na6 {Black is ready to double the pawns for the
second time in this game!} 21. Rxc8+ ({After} 21. Rc4 Rxc4 22. Bxc4 Bc5 23. Kf2
Bxe3+ 24. Kxe3 Nc5 $11 {black has no problems.}) 21... Rxc8 22. Bxa6 bxa6 23.
Kf1 ({Deserved attention:} 23. Kf2 $5 Bb4 ({after} 23... Rc2+ 24. Rd2 Rc1 25.
Ke2 Kf8 (25... Bb4 26. Rb2 {[%cal Ge2d3]}) 26. Kd3 {[%cal Gd2c2] the rook's
exchange is unavoidable anyway.}) 24. Rc1 Rxc1 25. Bxc1 a4 26. bxa4 $14 {
and although the endgame should be drawn white still has some practical
winning chances.}) 23... f6 (23... a4 24. bxa4 Rc2 25. Rb1 $14 Bb2) 24. Ke2 $6
{This move is a serious inaccuracy which allows black to exchange the
queen-side pawns.} ({At the same time he could still cause black some problems
by direct play:} 24. Rd4 $1 {[%cal Gd4c4]} Rc2 (24... Bc1 $2 25. Bf2 $16 {
[%cal Gd4c4]}) 25. Ra4 Rxa2 (25... Bb4 $6 26. a3 Bc5 27. Bxc5 Rxc5 28. Ke2 $14
{/+/- In this endgame black still has some diffculties, since white's pieces
are more active.}) 26. Bd4 $1 {black cannot avoid the loss of his 'a' pawns.
However, after} (26. Rxa5 Ra1+ 27. Ke2 Bb2 $11) 26... Kf7 27. Rxa5 Rd2 $1 {
it looks like black escapes in all the cases. For instance,} 28. Bb6 (28. Rxa3
Rxd4 29. Rxa6 Rb4 30. Ra3 f5 $11) 28... Bb4 29. Rxa6 Rd1+ 30. Kf2 Rd3 $11)
24... a4 25. Kd3 ({After} 25. bxa4 Rc4 26. a5 (26. Rd4 Rc2+ 27. Rd2 Rc4 $11)
26... Bb4 {the draw is also unavoidable.}) 25... axb3 26. axb3 Rb8 {Now white
also has some weakness.} 27. Rb1 Kf7 {[%mdl 32] White cannot make any progress,
so a draw was agreed.} 1/2-1/2

[Event "RUS-ch sf 58th"]
[Site "Kazan"]
[Date "2005.09.10"]
[Round "8"]
[White "Alekseev, Evgeny V"]
[Black "Zvjaginsev, Vadim"]
[Result "1/2-1/2"]
[WhiteElo "2625"]
[BlackElo "2659"]
[Annotator "Roiz,M"]
[PlyCount "57"]
[EventDate "2005.09.03"]
[EventType "swiss"]
[EventRounds "9"]
[EventCountry "RUS"]
[SourceTitle "CBM 109"]
[Source "ChessBase"]
[SourceDate "2005.11.14"]
[SourceVersion "1"]
[SourceVersionDate "2005.11.14"]
[SourceQuality "1"]

{[%mdl 48]} 1. e4 c5 2. Nf3 Nc6 3. d4 cxd4 4. Nxd4 g6 5. c4 Nf6 6. Nc3 d6 7.
Be2 Nxd4 8. Qxd4 Bg7 9. Be3 (9. Bg5 O-O 10. Qd2 {-->is another common
continuation here. However,it can transpose to the game after:} Be6 11. f3 Qa5
12. Rc1 Rfc8 13. b3 a6 14. Na4 Qxd2+ 15. Kxd2 Nd7 16. g4 (16. Bxe7 $2 Bh6+)
16... f6 17. Be3 f5) 9... O-O 10. Qd2 Be6 11. Rc1 Qa5 12. f3 Rfc8 13. b3 a6 14.
Na4 {As practice shows, White has more chances of getting an advantage in the
endgame.} Qxd2+ 15. Kxd2 Nd7 16. g4 {That is a well-known theoretical position.
White's chances are preferable due to his space advantage, but Black has some
counterplay.} f5 {That is practically necessary-Black has no other useful idea.
} 17. gxf5 {That tackle gains some popularity since the game Vaganian,
R-Ponomariov,R/ Calvia (ol) 2004. White opens the g-file to exploit some
weakness of Black's monarch.} ({It seems that Black manages to solve his main
problems after:} 17. exf5 gxf5 18. h3 Rf8 19. f4 Rad8 20. Nc3 d5 21. cxd5 Nf6
22. Rhg1 Nxd5 23. Nxd5 Bxd5 24. Ke1 e6 $5 {1/2-1/2 Dominguez,L-Ivanchuk,V/
Havana 2005/CBM 107/[Mikhalevski,V] (45)}) 17... gxf5 18. Rhg1 Kh8 19. Nc3 $5 {
Sending the knight towards d5 White takes more control of the centre. However,
it gives Black some time for regrouping his pieces.} ({As modern practice
shows, Black faces some problems after:} 19. Bd3 f4 (19... Ne5 $6 20. Rxg7 $1
Kxg7 21. Bd4 $1 Rf8 $6 22. f4 $1 fxe4 23. fxe5 exd3 24. exd6+ Kf7 25. Rf1+ Ke8
26. Re1 Rf4 27. Rxe6 Rxd4 28. Nb6 Rd8 29. Rxe7+ Kf8 30. c5 $18 {1-0 Vaganian,
R-Ponomariov,R, Calvia ol(Men) 2004/CBM104[Mikhalevski,V].}) 20. Bf2 $1 Ne5 21.
Ke2 Rc6 22. Nb6 Rf8 23. Nd5 $14 {1/2-1/2 Dominguez,L-Felgaer,R/Dos Hermanas
ESP 2005/The Week in Chess 544 (33). (32)}) 19... Rf8 $146 (19... fxe4 20. Nxe4
(20. fxe4 Be5 (20... Nf6 21. Rg2 $36 {[%cal Gc1g1]}) 21. Nd5 Nf6 22. Bd3 $14 {
and White retains better chances,as the Nd5 is very unpleasant for Black.})
20... d5 21. Ng5 Bg8 22. cxd5 Bxd5 23. Rg3 Rxc1 24. Kxc1 Nf6 25. Bd3 h6 26. Nh3
e5 27. Bg6 Rc8+ 28. Kd2 e4 29. f4 Rd8 30. Ke1 Rc8 31. Kd2 {1/2-1/2 Lau,
R-Polgar,Z/New York 1985/MCD (31)}) 20. Nd5 Bxd5 {That exchange is necessary,
as Black cannot do with the statement of Nd5.} 21. exd5 {Intending to advance
the queenside pawns. However, Black gets a nice square on e5 for his knight
and may attack White's kingside pawns.} (21. cxd5 $5 {also comes into
consideration:} f4 (21... fxe4 22. fxe4 Nc5 23. Rg4 Rac8 ({After} 23... a5 $6
24. Bxc5 dxc5 25. Rxc5 $16 {Black has seriuous difficulties, though there are
bishops of opposite colors on the board.}) 24. b4 Nd7 25. Rgg1 $14) 22. Bf2
Rac8 23. h4 $14 {and White has a risk-free advantage.}) 21... f4 22. Bf2 Ne5 (
22... Rf5 $5 {The immediate transfer of the rook was also possible:}) 23. Rg5 {
Evgeny tries to activate his rooks along the g-file.} ({The alternatives were:
} 23. a4 a5 24. Rg2 Rf5 25. Rcg1 Bf6 $14) ({and} 23. Rg2 Rf5 24. Rcg1 Bf6 $14 {
White retains better chances, but it's not very hard to make progress.}) ({
while after} 23. b4 a5 24. a3 axb4 25. axb4 Rfc8 {Black has sufficient
counterplay.}) 23... Bf6 (23... b5 $5 {also deserves attention: intending to
open the b-file for the rooks.} 24. c5 dxc5 25. Rxc5 Rfd8 $1 {[%cal Ge7e6,
Ga8c8]} (25... Rfc8 26. b4 Rxc5 27. Bxc5 Rd8 28. Bxe7 Rxd5+ 29. Kc2 $14) 26. a4
bxa4 27. bxa4 e6 $132) 24. Rgg1 ({After} 24. Rg2 Rg8 25. Rcg1 Rxg2 26. Rxg2 {
White's rook is too far away from the queenside, so Black can exploit that by:}
b5 $1 $132) ({Nothing promised also:} 24. Rf5 Rg8 $1 25. h4 Rg2 26. Rf1 Rf8 27.
Kd1 Ng6 28. h5 Bg7 $1 29. Rxf8+ Nxf8 {and Black is by no means worse.}) 24...
Bg7 {[%cal Gf8f5,Gf5h5] Black should keep the rooks on the board in order to
attack White's king-side pawns.} ({Worse was:} 24... Rg8 25. Rxg8+ Rxg8 26. Rg1
$14 {and after swapping the rooks White would have had a clear edge due to
pair of the bishops.}) 25. Rc2 Rf5 26. h4 {Here the pawn is even more
vulnerable, but i can hardly recommend something more promising.} (26. b4 Rh5
27. Rg2 Rh3 28. Rc3 (28. c5 $6 dxc5 29. Rxc5 (29. bxc5 Rd8 $17) 29... Nxf3+ 30.
Bxf3 Rxf3 31. Rc7 Bf6 $15) 28... Bf6 $132 {[%cal Ga8g8]}) 26... Bf6 {Finally
black has regrouped his pieces.} 27. Rcc1 Rh5 28. Rg2 Rg8 29. Rh2 {Here the
draw was agreed.} ({The alternative was:} 29. Rxg8+ Kxg8 30. b4 Ng6 {[%csl Rd5]
[%cal Yh5d5] and Black prevents white from pushing c4-c5, while the Ph4 is
under attack. It seems that Black shouldn't be worse here.}) (29. Rh2 {looks
too passively,so Black shouldn't be worse here. For instance,} Rh6 {[%cal
Gh6g6]} 30. b4 (30. h5 Rg5 31. b4 Rhxh5 32. Rxh5 Rxh5 33. c5 dxc5 34. bxc5 Rh2
$132) 30... Rhg6 {[%cal Gg6g2]} 31. Ke1 (31. c5 dxc5 32. Rxc5 Rd8 $132) 31...
Rg3 $1 32. Bxg3 fxg3 33. Rg2 Ng6 $132 {[%cal Gg6f4]}) 1/2-1/2

[Event "New York CITS"]
[Site "New York"]
[Date "1996.??.??"]
[Round "8"]
[White "Salov, Valery"]
[Black "Dzindzichashvili, Roman"]
[Result "1-0"]
[WhiteElo "2670"]
[BlackElo "2545"]
[Annotator "Salov,V"]
[PlyCount "99"]
[EventDate "1996.03.??"]
[EventType "tourn"]
[EventRounds "11"]
[EventCountry "USA"]
[EventCategory "13"]
[SourceTitle "CBM 052"]
[Source "ChessBase"]
[SourceDate "1996.06.01"]
[SourceVersion "1"]
[SourceVersionDate "1996.06.01"]
[SourceQuality "1"]

1. d4 Nf6 2. c4 c5 3. Nf3 cxd4 4. Nxd4 Nc6 5. Nc3 g6 6. e4 d6 7. Be2 Nxd4 8.
Qxd4 Bg7 9. O-O O-O 10. Qe3 a6 11. Bd2 (11. Rd1 $5 Bd7 12. c5 Qc7 13. cxd6 exd6
14. Qg3 Rfe8 $132) 11... Bd7 12. Rfd1 Bc6 13. b4 b6 14. Rab1 Nd7 15. h4 $5 b5
16. a3 bxc4 17. Bxc4 Ne5 18. Bb3 (18. Be2 f5 $1 19. exf5 gxf5 20. Qg3 (20. f4
$2 Ng4 21. Qe6+ Kh8 22. Bxg4 fxg4 23. Qxg4 $2 Rg8 $19) 20... Kh8 $132) 18...
Bb7 19. h5 $2 (19. Qe2 $14) 19... gxh5 20. Qh3 Bc8 $1 21. Qg3 Bg4 22. f3 Be6
23. Nd5 Bxd5 $1 {This eliminates the powerful knight and replaces it with a
less useful bishop.} 24. Bxd5 Qb6+ 25. Kh2 (25. Qf2 $2 Nxf3+ 26. gxf3 Bd4 $19)
25... Rac8 {At this point things seemed promising for Black, who has strong
attacking chances on the c-file and g-file.} 26. Rbc1 $8 (26. Qh4 Ng6 $1 27.
Qxh5 Be5+ 28. Kh1 Qf2 $36) 26... e6 27. Bb3 Kh8 28. Bg5 Rg8 29. Qe1 (29. Rxc8
Rxc8 30. Be7 $2 (30. Qe1 $5 Rc3 $1) 30... Ng4+ $1 31. fxg4 Be5 32. Bf6+ Bxf6
33. Rxd6 Qb5 $19) 29... Rxc1 30. Bxc1 Bf6 31. Be3 Qd8 32. Bf4 Qf8 33. a4 Qg7 (
33... Bg5 $5) 34. Qg3 Ng6 $2 {Too ambitious. Black should have offered to
repeat the position by retreating to f8 with the queen.} 35. Bxd6 h4 36. Qf2
Be5+ 37. Kh1 Bg3 $2 {Capturing on d6 would have been better.} (37... h3 38. g3
Bxd6 39. Rxd6 Ne5 40. Bd1 $13) (37... Bxd6 $1 38. Rxd6 Qf6 $15) 38. Bxg3 hxg3
39. Qxg3 Qc3 40. Qg5 $2 (40. Rb1 $8 Qd3 41. Qe1 $1 Nf4 $1 (41... Nh4 42. Bc4 $1
Qc2 43. Bf1 Nxg2 44. Qc1 $1) 42. Qd1 (42. Rb2 Rg5 $1 $40) 42... Qc3 $36) 40...
f6 $4 (40... Nf8 $1 41. Rc1 Qxb3 (41... Qb2 42. Rc2 Qb1+ 43. Rc1) 42. Qf6+ Rg7
43. Qe7 Qb2 $1 $19) 41. Qh6 $1 $18 Qe5 (41... Qxb3 42. Rd7 $18) 42. Rd7 (42. b5
$18) 42... Nf8 43. Rd8 (43. Rf7 $2 Qa1+ 44. Kh2 Qe5+ 45. f4 Rxg2+ $1 46. Kxg2
Qb2+ $10) 43... Qc3 $1 44. Rd1 (44. Rxf8 $4 Qe1+ 45. Kh2 Qg3+ 46. Kg1 Qxg2#)
44... Qb2 (44... Rg7 $142) 45. Bc2 $1 Ng6 46. Rd7 Nf8 47. Rf7 $18 Qc3 48. Qxf6+
Qxf6 49. Rxf6 Rg7 50. e5 1-0

[Event "Buenos Aires Najdorf"]
[Site "Buenos Aires"]
[Date "1993.??.??"]
[Round "3"]
[White "Shirov, Alexei"]
[Black "Panno, Oscar"]
[Result "1-0"]
[WhiteElo "2670"]
[BlackElo "2495"]
[Annotator "Shirov,A"]
[PlyCount "75"]
[EventDate "1993.04.??"]
[EventType "tourn"]
[EventRounds "11"]
[EventCountry "ARG"]
[EventCategory "13"]
[SourceTitle "CBM 035"]
[Source "ChessBase"]
[SourceDate "1993.08.01"]
[SourceVersion "1"]
[SourceVersionDate "1993.08.01"]
[SourceQuality "1"]

1. e4 c5 2. Nf3 Nc6 3. d4 cxd4 4. Nxd4 g6 5. c4 Nf6 6. Nc3 d6 7. Be2 Nxd4 8.
Qxd4 Bg7 9. Bg5 O-O 10. Qd2 Be6 11. O-O Qa5 (11... Rc8 12. b3 b5 $5 13. e5 (13.
cxb5 Rxc3 (13... Qa5 14. Rac1 Rxc3 15. Qxc3 Qxc3 16. Rxc3 Nxe4 17. Rg3 $14) 14.
Qxc3 Nxe4 15. Qe3 Nxg5 16. Qxg5 Bxa1 17. Rxa1 Re8 $10) 13... dxe5 14. Nxb5 Qxd2
15. Bxd2 $14) 12. Rac1 Rfc8 (12... Rac8 13. b3 b5 14. e5 $1) 13. b3 a6 14. f4
$1 Qd8 (14... b5 15. f5 gxf5 (15... Bd7 $2 16. fxg6 hxg6 17. e5 $1 Ng4 18. Qf4
Nxe5 19. Nd5 Re8 20. Nxe7+ Rxe7 21. Bxe7 Qxa2 22. Rf2 Qxb3 23. Bxd6 $18) 16.
exf5 Bd7 17. Kh1 $14) 15. Rcd1 $1 Kh8 16. f5 gxf5 17. exf5 Bd7 18. Nd5 $6 (18.
Bxf6 Bxf6 19. Nd5 Be5 20. Qh6 $1 Qf8 (20... f6 21. Rd3 $16) 21. Qxf8+ Rxf8 22.
Nxe7 $16) 18... Nxd5 19. Qxd5 Qb6+ $1 20. Kh1 f6 21. Bd2 $1 Rc5 $6 (21... Bc6
22. Qe6 Qc5 23. Bf3 Qe5 $16) 22. Qd3 Re5 $6 23. Bc3 Re3 24. Qd2 Bc6 (24... Re4
25. Bf3 Rh4 26. Bd5 $16) 25. Bd4 Qxd4 26. Qxd4 Rxe2 27. Rf2 Re4 $6 (27... Re5
28. Qc3 {/\ Re1}) 28. Qc3 Rg8 29. Re1 Re5 30. h3 $6 (30. Kg1 Bh6 31. Kf1 $18)
30... Bh6 31. Rxe5 dxe5 $1 (31... fxe5 32. c5 $1) 32. Qb4 $1 Rg7 33. Qb6 Kg8
34. b4 $1 Rg3 35. b5 axb5 36. cxb5 Be4 37. Re2 $1 Bd3 (37... Rxh3+ 38. Kg1 Rh4
39. Qd8+ Bf8 40. Rxe4 Rxe4 41. Qd5+) (37... Bxf5 38. Qxb7 $18) 38. Rxe5 $138
1-0